Boletín cultural y bibliográfico BLAA (Registro nro. 8478)

Detalles MARC
000 -CABECERA
Campo de control 00860nas a22002417a 4500
005 - FECHA Y HORA DE LA ULTIMA TRANSACCION
Campo de control 20150722150729.0
008 - ELEMENTOS DE LONGITUD FIJA—INFORMACION GENERAL
Campo de control 140627b ck x pdr||||a00| 0 spa d
022 ## - ISSN
ISSN 00066184
040 ## - FUENTE DE CATALOGACIÓN
Agencia catalogadora original CO-BoIAVH
Agencia transcriptora CO-BoIAVH
041 ## - IDIOMA
Código de idioma para texto/pista de sonido o título separado Español
044 ## - PAÍS DE PUBLICACIÓN
País de publicación Colombia
245 00 - MENCION DE TITULO
Título Boletín cultural y bibliográfico BLAA
Mención de responsabilidad Banco de la República. Biblioteca Luis Angel Arango.
260 ## - PUBLICACION, DISTRIBUCION, ETC. (PIE DE IMPRENTA)
Lugar de publicación, distribución, etc. Bogotá
Nombre del editor, distribuidor, etc. Biblioteca Luis Angel Arango.
Fecha de publicación, distribución, etc. 1958 -
300 ## - DESCRIPCION FISICA
Dimensiones 24 cm.
310 ## - FRECUENCIA ACTUAL DE LA PUBLICACIÓN
Frecuencia actual de la publicación No se desea codificar
321 ## - FRECUENCIA ANTERIOR DELA PUBLICACIÓN
Frecuencia anterior de la publicación No se desea codificar
650 #4 - ASIENTO SECUNDARIO DE MATERIA - TERMINO TEMATICO
Término temático o nombre geográfico como elemento de entrada Bibliografía
Subdivisión de forma Bibliografías
Subdivisión general Publicaciones seriadas
9 (RLIN) 36006
651 #4 - ASIENTO SECUNDARIO DE MATERIA - NOMBRE GEOGRAFICO
Nombre geográfico Bogotá (Colombia)
Subdivisión geográfica Publicaciones seriadas.
9 (RLIN) 36007
651 #4 - ASIENTO SECUNDARIO DE MATERIA - NOMBRE GEOGRAFICO
Nombre geográfico Colombia
Subdivisión geográfica Publicaciones seriadas.
9 (RLIN) 36008
710 2# - ASIENTO SECUNDARIO - NOMBRE CORPORATIVO
Nombre corporativo o de jurisdicción como elemento de entrada Biblioteca Luis Ángel Arango (Bogotá)
9 (RLIN) 24420
856 ## - LOCALIZACION Y ACCESO ELECTRONICOS
Identificador Uniforme del Recurso http://publicaciones.banrepcultural.org/index.php/boletin_cultural/issue/archive
942 ## - ELEMENTOS ADICIONALES (KOHA)
Sistema de clasificación Local
Tipo de ítem Periodica o revista
Serial record 1
Existencias
Withdrawn status Lost status Sistema de Clasificación Damaged status No para préstamo Colección Fecha publicación (Año) Volumen revista Número revista Inventariado Ubicación Permanente Ubicación actual Fecha de adquisición Precio Datos de publicación Seriada Total Checkouts Número topográfico Inventario / Código de Barras Date last seen Ejemplar Price effective from Forma de adquisición Tipo de material Date checked out
    Local     Hemeroteca 2013 47 84 Inventariado 2017 Bogotá Bogotá 14/07/2015 30000.00 Vol. 47, Nro. 84, Año 2013   SE 038106 14/07/2015 Ej. 1 14/07/2015 Canje Periodica o revista  
    Local     Hemeroteca 2014 48 85 Inventariado 2017 Bogotá Bogotá 14/07/2015 30000.00 Vol. 48, Nro. 85, Año 2014   SE 038105 14/07/2015 Ej. 1 14/07/2015 Canje Periodica o revista  
    Local     Hemeroteca 2011 45 79-80 Inventariado 2017 Bogotá Bogotá 14/07/2015 30000.00 Vol. 45, Nro. 79 - 80, Año 2011   SE 039120 14/07/2015 Ej. 1 14/07/2015 Canje Periodica o revista  
    Local     Hemeroteca 2014 48 86 Inventariado 2017 Bogotá Bogotá 14/07/2015 30000.00 Vol. 48, Nro. 86, Año 2014   SE 042078 14/07/2015 Ej. 1 14/07/2015 Canje Periodica o revista  
    Local     Hemeroteca 2015 49 87 Inventariado 2017 Bogotá Bogotá 14/07/2015 30000.00 Vol. 49, Nro. 87, Año 2015   SE 042044 14/07/2015 Ej. 1 14/07/2015 Canje Periodica o revista  
    Local     Hemeroteca 2015 49 88 Inventariado 2017 Bogotá Bogotá 27/11/2015 30000.00 Vol. 49, Nro. 88, Año 2015   SE 039494 27/11/2015 Ej. 1 27/11/2015   Periodica o revista  
    Local     Hemeroteca 2016 50 90 Inventariado 2017 Bogotá Bogotá 06/09/2017 30000.00 Vol. 50, Nro. 90, Año 2016 1 SE 041646 06/04/2018 Ej. 1 06/09/2017 Donación Periodica o revista 06/04/2018
    Local     Hemeroteca 2017 51 92   Bogotá Bogotá 01/06/2018 30000.00 Vol 51, No 92   SE 030116 01/06/2018 Ej. 1 01/06/2018 Donación Periodica o revista